Catàleg dels llibres manuscrits de la Biblioteca del Monestir de Sant Cugat del Vallès existents a l'Arxiu de la Corona d'Aragó / Francesc X. Miquel Rosell, prev.
Descripción Física:
154 p., [8] p. de làm. ; 27 cm
MARC
| LEADER | 00000nam a2200000Ia 4500 | ||
|---|---|---|---|
| 001 | 8454 | ||
| 008 | 160829s1937 xx 000 0 cat d | ||
| 080 | |a A-1-16 | ||
| 100 | |a Miquel i Rosell, Francesc Xavier |9 31869 | ||
| 245 | |a Catàleg dels llibres manuscrits de la Biblioteca del Monestir de Sant Cugat del Vallès existents a l'Arxiu de la Corona d'Aragó / Francesc X. Miquel Rosell, prev. | ||
| 260 | |a Barcelona : |b (Imp. de la Casa de Caritat), |c 1937 | ||
| 300 | |a 154 p., [8] p. de làm. ; |c 27 cm | ||
| 610 | 2 | 0 | |a Arxiu de la Corona d'Aragó |v Catàlegs |9 55376 |
| 650 | |a Monestir de Sant Cugat del Vallès |x Catàlegs |9 31870 | ||
| 650 | |a Manuscrits catalans |x Catàlegs I |9 31871 | ||
| 650 | |a Manuscrits llatins |x Catàlegs |9 31872 | ||
| 901 | |a Arxiu | ||
| 942 | |n 1 | ||
| 952 | |0 0 |1 0 |4 0 |6 A116 |7 1 |9 45787 |a Arxiu |b Arxiu |d 2016-12-01 |l 0 |o A-1-16 |p 8454 |r 2016-12-01 00:00:00 |w 2016-12-01 |y ARXIU | ||
| 999 | |c 49287 |d 49287 | ||